000 nam a22 7a 4500
999 _c330329
_d330329
003 NUST
005 20170620134639.0
008 170620b xxu||||| |||| 00| 0 eng d
020 _a9280631559
040 _c0
082 _a613 BOO
100 _aBoot,Marieke
_92973
245 _aHygiene Education In Bangladesh
_cMarieke Boot
260 _aNew York
_bUNICEF
_c1995
300 _a107p.
500 _aP.B
942 _2ddc
_cBK
_kIESE